Music Quiz

Random Music or Rap Quiz

Camron QUIZ Stats

 Plays Quiz not verified by Sporcle

Score 0/23 Timer 10:00
0 Plays Today
Hint Answer % Correct
First nameCamron
88.2%
Last nameGiles
88.2%
Year he came out1998
88.2%
Best's selling albumPurple Haze
82.4%
Was in what movie ?Paid in full
82.4%
What song had cologne in the videoOh boy
76.5%
Groups name Dipset
76.5%
Number of song on purple haze album 24
70.6%
Purple____ Haze
70.6%
Take Em to ______Church
64.7%
Middle nameEzike
58.8%
His first album Confessions of fire
58.8%
Hint Answer % Correct
Age 40
58.8%
Daydreaming and I'm _____Thinking of you
52.9%
Girlfriends name Ju Ju
47.1%
Birthday February 4 1976
41.2%
Weekend____Girl
41.2%
Movie #2State property 2
35.3%
Dipset____Forever
35.3%
Born in ?Harlem Ny
29.4%
Harlem world ___89
23.5%
Harlem____Streets
23.5%
Movie 3Paper Soilders
17.6%

You're not logged in!

Compare scores with friends on all Sporcle quizzes.
OR
Log In

Sporcle TV

Today on Sporcle TV


Watch our educational content, quiz creation guides, and fun videos on Sporcle TV.

Show Comments

Extras

Created Jul 17, 2016ReportNominate
Tags:Rap Quiz, Hip-Hop, Rap Artists

Top Quizzes Today


Score Distribution

Your Account Isn't Verified!

In order to create a playlist on Sporcle, you need to verify the email address you used during registration. Go to your Sporcle Settings to finish the process.

Report this User

Report this user for behavior that violates our Community Guidelines.

Details: